000
00315nam a22001337a 4500
082
_a
823
_b
MAH/J
100
_a
MAHESH STORIES
245
_a
MAHESH JOY SERIES STORIES
260
_a
SIVAKASI
_b
MAHESH ARTS
300
_a
24
520
_a
ENGLISH SHORT STORIES
650
_a
ENGLISH SHORT STORIES
_z
SIVAKASI
942
_c
BK
999
_c
5107
_d
5107